000 00886nam a2200193 a 4500
001 806
003 CO-ViMGA
008 141112s2004 ck r 000 u spa d
040 _aCO-ViMGA
_bspa
_cCO-ViMGA
082 0 4 _a616.0757 M372
100 1 _aMeschan, Isadne
_948712
245 1 0 _aTecnica radiológica :
_bposiciones y correlación anatómica
250 _a2a
260 _aMexico :
_bMedica PanAméricana,
_c1995
300 _a563 p : il
505 _aFundamentos esenciales para el diagnóstico radiológico 27 - - Recaudos de protección en el diagnóstico por rayos X 48 - - La columna vertebral y la medula espinal 129 - - Mediastino y corazón 194 - - Cerebro 276 - - Abdomen y cavidad abdominal 336 - - Aparato urinario 351 - - Aparato genital 381 - - Aparato digestivo 407 - - Tomografía computada de todo el cuerpo 508
650 1 4 _aRADIOLOGIA
_948713
942 _2ddc
_cBK
999 _c13042
_d13042